|
|
|
|
| LEADER |
00000nkm a2200000 a 4500 |
| 001 |
vtls011573481 |
| 003 |
SK-MaSNL |
| 005 |
20260425223534.0 |
| 007 |
kf bo |
| 008 |
240409s1997 xo g kuslo |
| 035 |
|
|
|a urn:nbn:sk:snk-km00bzvq
|
| 035 |
|
|
|a urn:nbn:sk:snk-km3lp2t
|
| 035 |
|
|
|a DFF6C9A6-ADB2-434D-BEC4-63246C801DE7
|
| 040 |
|
|
|a SNK
|b slo
|c SNK
|e AACR2
|
| 041 |
0 |
|
|a slo
|
| 043 |
|
|
|a e-xo---
|
| 044 |
|
|
|a xo
|c SK
|
| 072 |
|
7 |
|a 394
|x Verejný a spoločenský život. Každodenný život
|2 konspekt
|
| 072 |
|
7 |
|a 929
|x Biografie
|2 konspekt
|
| 080 |
|
|
|a 394.46
|2 2011
|
| 080 |
|
|
|a (084.5)
|2 2011
|
| 080 |
|
|
|a 929
|2 2011
|
| 245 |
0 |
0 |
|a Krajové divadlo Nitra
|b programový plagát na február 1978
|h grafika
|
| 260 |
|
|
|a Nitra
|b Nitrianske tlačiarne
|c 1978
|
| 300 |
|
|
|a 1 plagát
|b farebný; podklad modrý a béžový s čiernym lemom, text čiernej a červenej farby
|c 86 x 61 cm
|
| 648 |
|
7 |
|2 SNKPH
|
| 650 |
0 |
7 |
|a divadlo
|2 SNKPH
|9 3335
|
| 651 |
|
7 |
|a Slovensko
|2 SNKPH
|9 14231
|
| 655 |
|
7 |
|a plagáty
|2 SNKPH
|9 70571
|
| 700 |
1 |
|
|4 lso
|
| 852 |
|
|
|a Slovenská národná knižnica v Martine
|
| 958 |
|
|
|a CP
|
| 958 |
|
|
|a GBN
|
| 999 |
|
|
|c 588607
|d 590537
|
| 952 |
|
|
|a SNKLM
|b SNKLM
|y NEVYP
|7 1
|p 17A1201204
|o snklm L 544
|i snklm 1978/257
|8 7
|0 0
|1 0
|4 0
|d 2016-08-16
|f 1
|l 0
|r 2026-02-23 15:16:30
|w 2026-02-23
|